LEADER 00658nam0-22002531i-450- 001 990001188290403321 035 $a000118829 035 $aFED01000118829 035 $a(Aleph)000118829FED01 035 $a000118829 100 $a20000920d1987----km-y0itay50------ba 101 0 $aeng 200 1 $aTruthlikeness$fby NIINILUOTO I. 210 $aDordrecht (NL)$cReidel$d1987 225 1 $aSynthese Library$v185 700 1$aNiiniluoto,$bIlkka$056043 801 0$aIT$bUNINA$gRICA$2UNIMARC 901 $aBK 912 $a990001188290403321 952 $aC-25-(185$b3366$fMA1 959 $aMA1 996 $aTruthlikeness$9342596 997 $aUNINA DB $aING01